La matemática : su contenido, métodos y significado /

Contenido: Visión general de la matemática; Análisis; Geometría analítica; Algebra; Teoría de las ecuaciones algebraicas; Ecuaciones diferenciales ordinarias; Ecuaciones diferenciales en derivadas parciales; Curvas y superficies; El cálculo de variaciones; Funciones de una variable compleja; Números...

Descripción completa

Guardado en:
Detalles Bibliográficos
Autor principal: Aleksandrov, A.D (ed.)
Otros autores: Kolmogorov, A.N. (edición) (edición), Laurentiev, M.A. (edición) (edición)
Formato: Libro
Idioma:Español
Publicado: Madrid, España : Alianza, 2003, c1973
Temas:
Etiquetas: Agrega una etiqueta
Sin etiquetas, Sé el primero en etiquetar este registro!

MARC

LEADER 00000nam^a2200000^a^4500
001 000152759
005 20250521000000.0
009 20260310100255.474
020 |a 84-206-2068-8 
020 |a 84-206-2993-6 
037 |a Acervo ITESO - Biblioteca 
041 |a ESP 
082 |a 510.  |b ALE 
100 |a Aleksandrov, A.D.  |e (ed.) 
240 1 4 |a [La matemática: su contenido, métodos y significado] 
245 1 3 |a La matemática :  |b su contenido, métodos y significado /  |c Ed. de A.D. Aleksandrov, A.N. Kolmogorov, M.A. Laurentiev ; tr. por Manuel López Rodríguez. 
264 4 |a Madrid, España :  |b Alianza,  |c 2003, c1973 
300 |a 3 v. (425, XXIII, 383, XXIII, 408, XXIII p.) 
336 |a texto  |b txt  |2 rdacontenido 
337 |a sin mediación  |b n  |2 rdamedio 
338 |a volumen  |b nc  |2 rdasoporte 
500 |a Traducción de: Mathematics: Its Content, Methods, and Meaning 
520 |a Contenido: Visión general de la matemática; Análisis; Geometría analítica; Algebra; Teoría de las ecuaciones algebraicas; Ecuaciones diferenciales ordinarias; Ecuaciones diferenciales en derivadas parciales; Curvas y superficies; El cálculo de variaciones; Funciones de una variable compleja; Números primos; La teoría de probabilidades; Aproximación de funciones; Métodos de aproximación y técnicas de cálculo; Máquinas de computación electrónicas; Teoría de funciones de una variable real; Algebra lineal; Geometría no euclidiana; Topología; Análisis funcional; Grupos y otros sistemas algebraicos. 
649 |a XX 
650 |a Curvas 
650 |a Cálculo Diferencial 
650 |a Números Reales 
650 |a Números Primos 
650 |a Número (Concepto Matemático) 
650 |a Superficies (Matemáticas) 
650 |a Cálculo 
650 |a Aproximación (Matemáticas) 
650 |a Integración Numérica 
650 |a Funciones de Variables Reales 
650 |a Funciones de Variables Complejas 
650 |a Funciones (Matemáticas) 
650 |a Transformaciones Lineales 
650 |a Transformaciones (Matemáticas) 
650 |a Ecuaciones Diferenciales Lineales 
650 |a Ecuaciones Diferenciales 
650 |a Ecuaciones Integrales 
650 |a Ecuaciones Algebraicas 
650 |a Ecuaciones 
650 |a Cálculo de Variaciones 
650 |a Análisis Funcional 
650 |a Análisis Matemático 
650 |a Computadoras 
650 |a Ingeniería Computacional 
650 |a Geometría Plana 
650 |a Geometría del Espacio 
650 |a Geometría Euclidiana 
650 |a Geometría Analítica 
650 |a Geometría 
650 |a Aritmética 
650 |a Topología 
650 |a Algebra Lineal 
650 |a Algebra 
650 |a Probabilidad 
650 |a Cálculo 
650 |a Matemáticas 
700 |a Kolmogorov, A.N.  |e (edición) 
700 |a Laurentiev, M.A.  |e (edición) 
910 |a Fondo General 
920 |a Impresos - Libros 
930 |a Colección General 
905 |a 101 
901 |a 0500081733  |b IT1  |c ACC  |u 20250521 
901 |a 0500047854  |b IT1  |c ACC  |u 20250521 
901 |a 0800016555  |b IT1  |c ACC  |u 20250521 
902 |a https://opac.biblio.iteso.mx/vufind/Record/000152759